000 00278nam a2200109Ia 4500
008 230907s9999||||xx |||||||||||||| ||und||
082 _a355
_bNAT
245 0 _aNational defense :
260 _aU.S. Government Accountability Office (GAO),
_c2010
300 _a26 P.
942 _cBK
999 _c599380
_d599380